Die 7 Weltwunder der Antike - Statistiken

Allgemein
  • Dieses Quiz wurde 27.160 mal gespielt
  • Das Durchschnittsergebnis liegt bei 4 aus 7
Antwortstatistiken
Antwort % Korrekt
Die {Pyramiden} von Gizeh
98%
Der {Koloss} von Rhodos
77%
Die {hängenden} {Gärten} der Semiramis zu Babylon
71%
Die {Zeus}statue in Olympia
66%
Der {Leuchtturm} von Alexandria
60%
Das {Mausoleum} von Halikarnassos
31%
Der Tempel der {Artemis} in Ephesos
31%
Keine übereinstimmenden Quizze gefunden
Verteilung der Resultate
Anzahl Personen mit jedem Resultat
Perzentil nach korrekt beantworteten Fragen
Ihre Resultats-Entwicklung
Sie haben dieses Quiz noch nicht gespielt